Engineering Science N4 (Record no. 359734)

MARC details
000 -LEADER
fixed length control field 00272nam a2200097Ia 4500
082 ## - DEWEY DECIMAL CLASSIFICATION NUMBER
Classification number ST 620.11 VANR
008 - FIXED-LENGTH DATA ELEMENTS--GENERAL INFORMATION
fixed length control field 210817s9999 xx 000 0 und d
100 ## - MAIN ENTRY--PERSONAL NAME
Personal name Van Rensburg, M JJ ** South Africa, c.2013 ** *
9 (RLIN) 48613
245 #0 - TITLE STATEMENT
Title Engineering Science N4
942 ## - ADDED ENTRY ELEMENTS
item type Books

No items available.